000 00677nam0a22002411 4500
001 rc\715271
005 20260406212434.0
035 _a(NLR Aleph) 005958792
090 _a6831001
_c6831001
100 _a20031121g19951997|||y0rusy50 ca
101 0 _arus
102 _aRU
105 _aa |||||||||
200 1 _a8 книг ДООСа
210 _aМ.
_cДООС
_d1995-1997
215 _a[8] с.
_cил.
_d21
710 0 2 _aДобровольное общество охраны стрекоз
_cМосква
_9435927
_3RU\NLR\AUTH\889969821
801 0 _aRU
_bNLR
_gpsbo
801 1 _aRU
_bELAR
_2rusmarc
852 _aNLR
_j97-4/14806
942 _cBOOK
980 _aNB